| 000 | 00363nam a2200145Ia 4500 | ||
|---|---|---|---|
| 008 | 240624s9999 xx 000 0 und d | ||
| 041 | _aeng | ||
| 082 | _a658 PET | ||
| 100 | _aPETTINGER RICHARD | ||
| 245 | _aMANAGEMENT FOR DUMMIES | ||
| 250 | _a(2nd ed.) | ||
| 260 |
_c2011 _aEngland _bJohn Wiley & Sons |
||
| 300 | _axx, : 376 : p. : cm. ; 23 | ||
| 365 |
_c _b27 |
||
| 999 |
_c17810 _d17810 |
||